| 000 | 01026nam a2200277Ia 4500 | ||
|---|---|---|---|
| 003 | GCL | ||
| 008 | 140319s9999 xx 000 0 ara d | ||
| 040 |
_aGCL / _cGCL |
||
| 082 | 0 | 4 |
_a025.21 _bر ت |
| 100 | 1 | _aريحى مصطفى عليان | |
| 245 | 1 | 0 |
_aتنمية وتقييم المجموعات فى المكتبات ومؤسسات المعلومات / _cريحى مصطفى عليان |
| 700 | 1 | _aيسرى ابوعجمية | |
| 250 | _aالاولى | ||
| 260 |
_aالاردن : _bدار صفاء للنشر والتوزيع ، _c2005 |
||
| 300 |
_a300 ص ؛ _c24 سم |
||
| 650 | 0 | 4 | _aنظم المعلومات |
| 650 | 0 | 4 | _aالاجراءات الفنية |
| 650 | 0 | 4 | _aالمطبوعات العربية |
| 650 | 0 | 4 | _aالكتب - اختيار |
| 650 | 0 | 4 | _aالمكتبات - برامج الحاسبات |
| 650 | 0 | 4 | _aالإنترنت |
| 650 | 0 | 4 | _aالمكتبات - تنظيم وادارة |
| 650 | 0 | 4 | _aالتزويد ( مكتبات ) |
| 650 | 0 | 4 | _aالمكتبات - تقييم |
| 942 |
_2ddc _cBK |
||
| 999 |
_c8427 _d8427 |
||